Algebraic topology--homotopy and homology / (Record no. 50579)
[ view plain ]
| 000 -LEADER | |
|---|---|
| fixed length control field | 01159nam a2200301 a 4500 |
| 001 - CONTROL NUMBER | |
| control field | 50579 |
| 003 - CONTROL NUMBER IDENTIFIER | |
| rucl marc code | BD-RjUL |
| 005 - DATE AND TIME OF LATEST TRANSACTION | |
| control field | 20211209075530.0 |
| 008 - FIXED-LENGTH DATA ELEMENTS--GENERAL INFORMATION | |
| fixed length control field | 160827s1975 wb c 001 0 eng d |
| 020 ## - INTERNATIONAL STANDARD BOOK NUMBER | |
| International Standard Book Number | 0387067582 |
| International Standard Book Number | 3540067582 (Berlin) |
| 035 ## - SYSTEM CONTROL NUMBER | |
| System control number | (BD-RjUL)50699 |
| 040 ## - CATALOGING SOURCE | |
| Original cataloging agency | BD-RjUL |
| Language of cataloging | eng |
| Transcribing agency | BD-RjUL |
| 041 ## - LANGUAGE CODE | |
| Language code of text/sound track or separate title | eng |
| 082 ## - DEWEY DECIMAL CLASSIFICATION NUMBER | |
| Classification number | 514.2 |
| Edition number | 23 |
| Author mark and year | SWA 1975 |
| 100 1# - MAIN ENTRY--PERSONAL NAME | |
| Personal name | Switzer, Robert M., |
| Dates associated with a name | 1940- |
| 9 (RLIN) | 151480 |
| 245 10 - TITLE STATEMENT | |
| Title | Algebraic topology--homotopy and homology / |
| Statement of responsibility, etc. | Robert M. Switzer |
| 260 ## - PUBLICATION, DISTRIBUTION, ETC. (IMPRINT) | |
| Place of publication, distribution, etc. | Berlin : |
| Name of publisher, distributor, etc. | Springer-Verlag, |
| Date of publication, distribution, etc. | 1975 |
| 300 ## - PHYSICAL DESCRIPTION | |
| Pagination | xii, 526 p. : |
| Illustrations | ill. ; |
| Size | 24 cm |
| 490 1# - SERIES STATEMENT | |
| Series statement | Grundlehren der mathematischen Wissenschaften ; |
| Volume/sequential designation | Bd.212 |
| 500 ## - GENERAL NOTE | |
| General note | "This book is the result of lecture courses ... given by the author at the University of Manchester in 1967-1970, at Cornell University in 1970-1971, and the Georg August University, Göttingen, in 1971-72." |
| 504 ## - BIBLIOGRAPHY, ETC. NOTE | |
| Bibliography, etc | Includes Bibliography and index |
| 650 #0 - SUBJECT ADDED ENTRY--TOPICAL TERM | |
| Topical term or geographic name as entry element | Algebraic topology |
| 9 (RLIN) | 151184 |
| Topical term or geographic name as entry element | Homology theory |
| 9 (RLIN) | 138661 |
| Topical term or geographic name as entry element | Homotopy theory |
| 9 (RLIN) | 138202 |
| 830 #0 - SERIES ADDED ENTRY--UNIFORM TITLE | |
| Uniform title | Grundlehren der mathematischen Wissenschaften ; |
| Volume number/sequential designation | Bd.212 |
| 942 ## - ADDED ENTRY ELEMENTS (KOHA) | |
| Source of classification or shelving scheme | Dewey Decimal Classification |
| Koha item type | Books |
| Lost status | Source of classification or shelving scheme | Damaged status | Not for loan | Collection code | Permanent Location | Current Location | Shelving location | Date acquired | Source of acquisition | Cost, normal purchase price | Total Checkouts | Full call number | Date last seen | Copy number | Koha item type |
|---|---|---|---|---|---|---|---|---|---|---|---|---|---|---|---|
| Dewey Decimal Classification | Non-fiction | Central Library, University of Rajshahi | Central Library, University of Rajshahi | 27/07/1979 | Heffer | 26.25 | 514.2 SWA 1975 | 27/08/2016 | C-2 | Books | |||||
| Dewey Decimal Classification | Non-fiction | Central Library, University of Rajshahi | Central Library, University of Rajshahi | 27/07/1979 | Heffer | 26.25 | 514.2 SWA 1975 | 27/08/2016 | C-3 | Books |